000 00363cam a22001217a 4500
008 180718b xxu||||| |||| 00| 0 eng d
082 _aZ212x54 F418h
245 _aHandbook on fertiliser marketing
260 _aNew Delhi
_bFertilliser Association of India
_c
300 _a277p.
650 _aFertilizers - India
700 _aFertiliser Association of India, New Delhi
999 _c347009
_d347009